000 00481nam a22001935a 4500
001 002747
003 armpunfd
005 20140612090714.0
008 140522s2004####ag############000#0#und#d
020 _a9870302386
040 _aarmpunfd
_carmpunfd
080 _a347 C 498
245 1 0 _aCodigo civil de la republica argentina.
260 _aBuenos Aires :
_bLa ley,
_c2004.
300 _a1303 p.
650 7 _aderecho civil
_2LEMB
942 _c
_2cdu
945 _asa
_d2014-05-22
999 _c2635
_d233139